Manažment kultúrnych podujatí diplomová práca

Salvato in:
Dettagli Bibliografici
Autore principale: Supeková, Lucia
Ente Autore: Obchodná fakulta EU. Katedra cestovného ruchu
Altri autori: Naďová Krošláková, Monika, 1975-
Natura: Libro
Lingua:slovacco
Pubblicazione: Bratislava 2024
Tags: Aggiungi Tag
Nessun Tag, puoi essere il primo ad aggiungerne!!

MARC

LEADER 00000nbm a2200000 4500
001 0302185
005 20250822115121.4
041 0 |a slo 
044 |a SK 
245 1 0 |a Manažment kultúrnych podujatí  |b diplomová práca  |c Lucia Supeková ; školiteľ: Monika Naďová Krošláková 
264 1 |a Bratislava  |c 2024 
300 |a 71 s. 
100 1 |a Supeková, Lucia 
700 1 |a Naďová Krošláková, Monika, 1975- 
710 2 |a Obchodná fakulta EU. Katedra cestovného ruchu